[Event "MSS-ch"]
[Site "CZE"]
[Date "1997.??.??"]
[Round "?"]
[White "Vrubl, J."]
[Black "Strakos, J."]
[Result "0-1"]
[WhiteElo "1605"]
[BlackElo "1855"]

1.e4 d6 2.d4 Nf6 3.Nc3 c6 4.f4 Qa5 5.Bd2 e5 6.fxe5 dxe5 7.dxe5 Qxe5 8.Nf3 Qh5
9.Bd3 Bg4 10.Qe2 Nbd7 11.O-O-O Ne5 12.Rhf1 Nfd7 13.Bf4 Bd6 14.Bg3 O-O-O 15.Qf2 Kb8
16.Rde1 f6 17.Nh4 Be6 18.Nf5 Bxf5 19.Qxf5 Qxf5 20.Rxf5 Nxd3+ 21.cxd3 Bxg3
22.hxg3 Ne5 23.Kc2 Nxd3 24.Rd1 Ne5 25.Rh5 Rxd1 26.Kxd1 Rd8+ 27.Kc1 h6 28.Rh1 Rd3
29.Rh3 b5 30.a3 Kc7 31.Kc2 a5 32.g4 Rxh3 33.gxh3 Kd6 34.b3 Nf3 35.Nd1 Ke5
36.Kd3 Ng5 37.Nf2 Ne6 38.Ke3 c5 39.h4 Nd4 40.Nd3+ Kd6 41.b4 axb4 42.axb4 Nc2+
43.Kf4 Nxb4 44.e5+ fxe5+ 45.Nxe5 Ke6 46.Ke4 c4 47.Nf3 Nc2 48.Nd2 g6  0-1

[Event "MSS-ch"]
[Site "CZE"]
[Date "1997.??.??"]
[Round "?"]
[White "Vymetal, M."]
[Black "Strakos, J."]
[Result "0-1"]
[WhiteElo "1660"]
[BlackElo "1855"]

1.e4 d6 2.d4 Nf6 3.Nc3 c6 4.f4 Qa5 5.Bd3 e5 6.fxe5 dxe5 7.dxe5 Ng4 8.h3 Nxe5
9.Nf3 Nbd7 10.O-O Be7 11.Bf4 Bf6 12.Nxe5 Nxe5 13.Bxe5 Bxe5 14.Qe1 Qb6+ 15.Kh1 Qxb2
16.Ne2 Qxa1 17.Qxa1 Bxa1 18.Rxa1 Ke7 19.Kg1 b5 20.Nd4 Bd7 21.Rf1 g6 22.c4 a6
23.c5 Be8 24.Nb3 Rd8 25.Bc2 f6 26.Na5 Rd4 27.Re1 Ke6 28.Nb3 Rd8 29.Na5 h5
30.Nb7 Rd2 31.Bb3+ Ke5 32.h4 Rh7 33.Nd6 Rxd6 34.cxd6 Kxd6 35.Kf2 Rd7 36.Ke3 Ke5
37.Rc1 Re7 38.Rd1 Bd7 39.g3 a5 40.a3 a4 41.Ba2 g5 42.hxg5 fxg5 43.Rh1 Rh7
44.Bg8 Rh8 45.Bf7 h4 46.gxh4 Rxh4 47.Rg1 Rxe4+ 48.Kd3 g4 49.Bg6 Rd4+ 50.Ke3  0-1

[Event "MSS-ch"]
[Site "CZE"]
[Date "1997.??.??"]
[Round "?"]
[White "Neuschl, Zdenek"]
[Black "Strakos, J."]
[Result "1-0"]
[WhiteElo "2145"]
[BlackElo "1855"]

1.e4 d6 2.d4 Nf6 3.Nc3 c6 4.f4 Qa5 5.Bd3 e5 6.dxe5 dxe5 7.f5 b5 8.Bd2 b4
9.Nce2 Qb6 10.h3 Ba6 11.g4 Bc5 12.Nf3 Nbd7 13.Rh2 O-O-O 14.Bxa6+ Qxa6 15.Ng3 Rhe8
16.Qe2 Qxe2+ 17.Rxe2 Nb6 18.b3 Bd4 19.Nxd4 Rxd4 20.Be3 Rd7 21.Bc5 Red8 22.Bxb4 Ne8
23.Rd2 f6 24.Rad1 Kc7 25.h4 Nc8 26.Ke2 h6 27.Ba5+  1-0

[Event "CZE-chT1c 9697"]
[Site "CZE"]
[Date "1997.??.??"]
[Round "?"]
[White "Stoklasa, Jan"]
[Black "Volak, Michal"]
[Result "1/2-1/2"]
[WhiteElo "2255"]
[BlackElo "2175"]

1.e4 d6 2.d4 Nf6 3.Nc3 c6 4.Nf3 Bg4 5.Be2 Nbd7 6.a4 e5 7.Be3 Be7 8.O-O O-O
9.Nd2 Bxe2 10.Qxe2 Re8 11.dxe5 dxe5 12.Rfd1 Qc7 13.Nc4 Nc5 14.f3 Ne6 15.a5 Nd7
16.Qf2 Bc5 17.Bxc5 Ndxc5 18.Qg3 Nf4 19.Qf2  1/2-1/2

[Event "CZE-chT 9697"]
[Site "CZE"]
[Date "1997.??.??"]
[Round "2"]
[White "Knazovcik, Ladislav"]
[Black "Orsag, Milan"]
[Result "1/2-1/2"]
[WhiteElo "2295"]
[BlackElo "2385"]

1.e4 d6 2.d4 Nf6 3.Nc3 e5 4.dxe5 dxe5 5.Qxd8+ Kxd8 6.Bc4 Be6 7.Bxe6 fxe6
8.Bg5 Bd6 9.O-O-O Ke7 10.Nge2 h6 11.Bh4 Nc6 12.f3 a6 13.Bf2 Rhf8 14.Be3 Nh5
15.Rhe1 Na5 16.Nb1 b5 17.Nd2 g5 18.g4 Nf4 19.Nxf4 exf4 20.Bf2 Nc6 21.h4 Ne5
22.Bd4 Rh8 23.h5 Rhc8 24.Bxe5 Bxe5 25.Nb3 c5 26.c3 a5 27.Kc2 a4 28.Nc1 c4
29.a3 Rd8 30.Rxd8 Rxd8 31.Rd1 Rb8 32.Ne2 Rb6  1/2-1/2

[Event "CZE-chT2 9798"]
[Site "CZE"]
[Date "1997.??.??"]
[Round "2.7"]
[White "Malivanek, Jiri"]
[Black "Benes, Petr"]
[Result "1-0"]
[WhiteElo "2220"]
[BlackElo "2230"]

1.e4 d6 2.d4 Nf6 3.Nc3 c6 4.h3 Qa5 5.Bd2 Qb6 6.Nf3 Nbd7 7.Bc4 e6 8.O-O Nxe4
9.Bxe6 Nxd2 10.Bxd7+ Bxd7 11.Re1+ Be6 12.Qxd2 d5 13.Ng5 O-O-O 14.Nxe6 fxe6
15.Rxe6 Qxb2 16.Rb1 Qa3 17.Rb3 Qa5 18.Qg5 Qc7 19.Re1 Bd6 20.Reb1 b6 21.Qf5+ Rd7
22.a4 Rf8 23.Qd3 Kd8 24.Nd1 g6 25.c4 dxc4 26.Qxc4 Bh2+ 27.Kh1 Bf4 28.Rd3 Bh6
29.Rb2 Bg7 30.Rbd2 Rf4 31.g3 Rf8 32.Nc3 Bh6 33.Re2 Kc8 34.Ne4 Bg7 35.Ng5 Qd6
36.d5 Kb8 37.Re6 Qc5 38.Qxc5 bxc5 39.Rb3+ Ka8 40.dxc6 Rd1+ 41.Kg2 c4 42.Rf3 Rc8
43.Rf7 Bd4 44.Nf3 Bb6 45.Rf4 Rc1 46.Nd2 c3 47.Nc4 Bc7 48.Rf3 c2 49.Rc3 Ra1
50.Rxc2 Rxa4 51.Re7 Ra6 52.Re6 Ra1 53.Nd6 Bxd6 54.Rxd6 a5 55.Rd7 a4 56.Rxh7 a3
57.Rc4 Rb1 58.Ra4+ Kb8 59.Rxa3 Rxc6 60.Rf3  1-0

[Event "CZE-chT 9697"]
[Site "CZE"]
[Date "1997.??.??"]
[Round "3"]
[White "Salai, Ladislav"]
[Black "Pribyl, Josef"]
[Result "1/2-1/2"]
[WhiteElo "2460"]
[BlackElo "2445"]

1.e4 d6 2.d4 Nf6 3.Nc3 e5 4.Nf3 Nbd7 5.Bc4 Be7 6.O-O O-O 7.Re1 c6 8.a4 b6
9.Bg5 Bb7 10.Bxf6 Bxf6 11.d5 c5 12.a5 a6 13.axb6 Nxb6 14.Bf1 Qc7 15.Nd2 Bg5
16.Nc4 g6 17.Ra3 Kh8 18.Nxb6 Qxb6 19.Bc4 f5 20.Qd3 Bc8 21.Rb3 Qa5 22.Qf1 Qd8
23.Qe2 Qa5  1/2-1/2

[Event "CZE-chT 9697"]
[Site "CZE"]
[Date "1997.??.??"]
[Round "4"]
[White "Karlik, Jiri"]
[Black "Nedela, Vlastimil"]
[Result "1/2-1/2"]
[WhiteElo "2345"]
[BlackElo "2375"]

1.e4 d6 2.d4 Nf6 3.Nc3 c6 4.Nf3 Bg4 5.h3 Bxf3 6.Qxf3 Nbd7 7.Be3 Qa5 8.g4 d5
9.e5 Ne4 10.Bd3 Nxc3 11.Bd2 e6 12.bxc3 c5 13.c4 Qa4 14.cxd5 Qxd4 15.O-O O-O-O
16.Bf4 c4 17.dxe6 fxe6 18.Rab1 Nc5 19.Rxb7 Nxb7 20.Rb1 Rd5 21.Be3 Qc3 22.Bf5 exf5
23.Qxd5 Bb4 24.Bd4 Qxh3 25.Qxc4+ Kb8 26.Qxb4 Qxg4+ 27.Kf1 Qe4 28.Re1 Qh1+
29.Ke2 Qe4+ 30.Kd2 Qd5 31.e6 Re8 32.e7 Qd7 33.c3 Ka8 34.Re5 Nd6 35.Ra5 Nc8
36.Rb5 Nd6 37.Ra5 Nc8 38.Re5 Rxe7 39.Rxe7 Nxe7 40.Qc4 Nc8 41.Qg8 g6 42.Kc1 Qb7
43.a4 Qh1+ 44.Kd2 Qb7 45.a5 a6 46.Qd8 Qc6 47.Kc1 Kb7 48.Qg8 Qd7 49.Qb3+ Ka8
50.Qc4 Kb7 51.Be5 h5  1/2-1/2

[Event "CZE-chT 9697"]
[Site "CZE"]
[Date "1997.??.??"]
[Round "5"]
[White "Pisk, Petr"]
[Black "Nedela, Vlastimil"]
[Result "0-1"]
[WhiteElo "2305"]
[BlackElo "2375"]

1.e4 d6 2.d4 Nf6 3.Nc3 c6 4.a4 Qa5 5.Bd2 e5 6.dxe5 dxe5 7.Bc4 Bc5 8.Qe2 O-O
9.h3 Qc7 10.Nf3 Nbd7 11.g4 Nb6 12.Bb3 Be6 13.a5 Nbd7 14.Bxe6 fxe6 15.Nd1 Qd6
16.Ra4 b5 17.axb6 Nxb6 18.Ra1 Rad8 19.Bc3 Bd4 20.O-O Nfd7 21.Nxd4 exd4 22.Bd2 Qc5
23.c3 d3 24.Qe3 Qb5 25.Qg3 Nc5 26.Rxa7 Nxe4 27.Qe3 Nc4 28.Qxe4 Nxd2 29.Qxe6+ Kh8
30.Qe7 Rg8 31.c4 Qb8 32.Rb7 Qd6 33.Ne3 Qxe7 34.Rxe7 Nxf1 35.Kxf1 Rb8 36.Nf5 Rxb2
37.Rd7 d2 38.Ke2 Re8+ 39.Kf3 Rb3+ 40.Kg2 g6 41.Nd6 Rf8 42.Ne4 Rb2 43.Rxd2 Rxd2
44.Nxd2 Rf4 45.Kf1 Kg7 46.Ke2 Rd4 47.Ke3 c5 48.f4 Kf8 49.g5 Ke7 50.h4 Ke6
51.Ne4 Rxc4  0-1

[Event "CZE-chT 9697"]
[Site "CZE"]
[Date "1997.??.??"]
[Round "6"]
[White "Gross, David"]
[Black "Pribyl, Josef"]
[Result "1/2-1/2"]
[WhiteElo "2360"]
[BlackElo "2445"]

1.e4 d6 2.d4 Nf6 3.Nc3 e5 4.dxe5 dxe5 5.Qxd8+ Kxd8 6.Bg5 Be7 7.Nf3 Nbd7 8.Bc4 Ke8
9.Nb5 Bd8 10.Bxf6 gxf6 11.Nh4 Rg8 12.g3 Nc5 13.f3 Be6 14.Bb3 a5 15.Ke2 a4
16.Bxe6 fxe6 17.b4 axb3  1/2-1/2

[Event "CZE-chT 9697"]
[Site "CZE"]
[Date "1997.??.??"]
[Round "10"]
[White "Simacek, Pavel"]
[Black "Moravec, Michal"]
[Result "1-0"]
[WhiteElo "2255"]
[BlackElo "2255"]

1.e4 d6 2.d4 Nf6 3.Nc3 c6 4.f4 Qa5 5.Bd3 Bg4 6.Nf3 Nbd7 7.h3 Bxf3 8.Qxf3 e5
9.Be3 Qb4 10.a3 Qxb2 11.Kd2 Qb6 12.dxe5 Qa5 13.exf6 O-O-O 14.Qg4 g6 15.Rhb1 h5
16.Qf3 Nc5 17.Rb4 d5 18.exd5 cxd5 19.Bxc5 Bxc5 20.Rb5 Qc7 21.Nxd5  1-0

[Event "Providencia op"]
[Site "Debrecen"]
[Date "1997.??.??"]
[Round "4"]
[White "Kiss, Fernanda"]
[Black "Nagy, Karoly"]
[Result "1-0"]
[WhiteElo "2270"]
[BlackElo "2095"]

1.e4 d6 2.d4 Nf6 3.Nc3 c6 4.Nge2 Qa5 5.Bd2 e5 6.dxe5 dxe5 7.Ng3 Be6 8.Bd3 Qc7
9.O-O h5 10.Bg5 Nbd7 11.a4 h4 12.Nf5 h3 13.g3 g6 14.Ne3 Bc5 15.Bxf6 Nxf6
16.Qe2 Bxe3 17.Qxe3 Ng4 18.Qe2 f5 19.Bc4 Qf7 20.Bxe6 Qxe6 21.exf5 gxf5 22.Rae1 f4
23.Ne4 O-O-O 24.a5 Rhf8 25.Rd1 Rxd1 26.Rxd1 fxg3 27.fxg3 Kc7 28.b4 Qf5 29.Nc5 Qf2+
30.Qxf2 Rxf2 31.Ne6+  1-0

[Event "Neckar op 1st"]
[Site "Deizisau"]
[Date "1997.??.??"]
[Round "7"]
[White "Mareck, Sascha"]
[Black "Solonar, Stephan"]
[Result "1/2-1/2"]
[WhiteElo "1940"]
[BlackElo "2300"]

1.e4 d6 2.d4 Nf6 3.Nc3 c6 4.f4 Qa5 5.Bd3 e5 6.Nf3 Bg4 7.dxe5 dxe5 8.h3 Bxf3
9.Qxf3 Nbd7 10.Bd2 Qc7 11.O-O-O exf4 12.Bxf4 Bd6 13.Bxd6 Qxd6 14.e5 Nxe5
15.Qe3 Qe6 16.Rhe1 Nfd7 17.Qf4 g5 18.Qf2 O-O-O 19.Bf5 Qe7 20.Rxd7 Rxd7 21.Bxd7+ Kxd7
22.Qd4+ Qd6 23.Qxe5 Qxe5 24.Rxe5 f6 25.Rf5 Ke6 26.g4 h5 27.Ne4 hxg4 28.hxg4 Rh4
29.Nxf6 Rxg4 30.Nxg4 Kxf5 31.Ne3+ Kf4 32.Kd2 Kf3 33.a4 g4 34.Kd3 g3 35.b4 g2
36.Nxg2 Kxg2 37.b5 cxb5 38.axb5 Kf2 39.c3 Ke1 40.c4  1/2-1/2

[Event "DEN-chT 9697"]
[Site "?"]
[Date "1997.??.??"]
[Round "5"]
[White "Christensen, Jan"]
[Black "Holst, Allan"]
[Result "0-1"]
[WhiteElo "2230"]
[BlackElo "2310"]

1.e4 d6 2.d4 Nf6 3.Nc3 e5 4.Nf3 exd4 5.Nxd4 Be7 6.Be2 O-O 7.O-O Nc6 8.Be3 Bd7
9.f4 Nxd4 10.Bxd4 Bc6 11.Bf3 Nd7 12.Qe2 Re8 13.Rae1 Bf6 14.Bxf6 Qxf6 15.Qd2 Rad8
16.g3 a5 17.Rf2 h6 18.Bg2 Nc5 19.Rfe2 Kf8 20.Qe3 b6 21.Rf1 Re7 22.e5 dxe5
23.fxe5 Qg6 24.Bh3 Rde8 25.Qf4 Bb7 26.Rfe1 Ne6 27.Qf2 Ng5 28.Bg2 Qh5 29.Re3 Nh3+
30.Bxh3 Qxh3 31.Ne4 Qg4 32.h3 Qxh3 33.Qf4 Qe6 34.Nf6 Qh3 35.Ne4 Rxe5 36.g4 Qh4
37.Rf1 f6 38.Nxf6 Qh1+ 39.Kf2 Qg2+ 40.Ke1 Rxe3+  0-1

[Event "Dieren op"]
[Site "Dieren"]
[Date "1997.??.??"]
[Round "4"]
[White "Bellin, Robert"]
[Black "Jonker, Marc"]
[Result "0-1"]
[WhiteElo "2400"]
[BlackElo "2295"]

1.e4 d6 2.d4 Nf6 3.Nc3 c6 4.f4 Qa5 5.Bd3 e5 6.Nf3 Bg4 7.Be3 Nbd7 8.O-O Be7
9.h3 Bh5 10.Qe1 Bxf3 11.Rxf3 O-O 12.a3 Nh5 13.b4 Qc7 14.dxe5 dxe5 15.f5 a5
16.Rb1 axb4 17.axb4 Nf4 18.Bf1 b5 19.g3 Nh5 20.Be2 Ndf6 21.Bd3 Nd7 22.Kg2 Ra3
23.Bc1 Raa8 24.Be2 Ndf6 25.Rf2 Rfd8 26.Be3 Ra3 27.Bf3 Rd4 28.Bxd4 exd4 29.Ne2 Re3
30.Rb3 Nxg3 31.Qd1 Ngxe4 32.Bxe4 Rxe4 33.Ng3 Rh4 34.Rd2 Qe5 35.Qe2 Qd6 36.Rbd3 h6
37.Qf2 Qd5+ 38.Qf3 Qc4 39.Qf2 Qd5+ 40.Qf3 Qc4 41.Qf2 c5 42.bxc5 Bxc5 43.Qf3 Kh7
44.Rf2 Nd5 45.Nh5 Bd6 46.Kh1 Ne3 47.Rxe3 dxe3 48.Rg2 Be5 49.f6 g6 50.Rxg6 Kxg6  0-1

[Event "Dresden (Women)"]
[Site "Dresden"]
[Date "1997.??.??"]
[Round "2"]
[White "Sasu Ducsoara, Andrea"]
[Black "Litinskaya, Marta I"]
[Result "0-1"]
[WhiteElo "2110"]
[BlackElo "2335"]

1.e4 d6 2.d4 Nf6 3.Nc3 e5 4.dxe5 dxe5 5.Qxd8+ Kxd8 6.Bg5 Bd6 7.Nd5 Nd7 8.Bc4 Ke8
9.f3 Nxd5 10.exd5 a6 11.a4 b6 12.Ne2 Bb7 13.O-O f5 14.Rae1 Kf7 15.Bd2 Nf6
16.Nc3 Rhe8 17.g4 f4 18.g5 Nd7 19.Bd3 g6 20.Kg2 Nc5 21.Bc4 Rh8 22.b4 Nd7
23.Ne4 h6 24.h4 hxg5 25.hxg5 Rh5 26.Rh1 Rah8 27.Bb3 b5 28.a5 Nb8 29.c4 bxc4
30.Bxc4 Bc8 31.b5 axb5 32.Bxb5 Ba6 33.Rxh5 Rxh5 34.Bxa6 Nxa6 35.Rc1 Ke7 36.Nxd6 cxd6
37.Rc6 Nc5 38.a6 Kd7 39.Ba5 Rxg5+ 40.Kf1 Nxa6 41.Rxa6 e4 42.fxe4 Re5 43.Bb4 Rxe4
44.Rxd6+ Kc7 45.Rc6+ Kd7 46.Bc3 Re3 47.Bg7 Rd3 48.Rc5 g5 49.Bf8 g4 50.d6 g3
51.Rf5 f3 52.Ke1 Ke6 53.Rg5 f2+ 54.Ke2 Rd1  0-1

[Event "Caledonian Masters"]
[Site "Edinburgh"]
[Date "1997.??.??"]
[Round "6"]
[White "Gormally, Daniel"]
[Black "Wang Pin"]
[Result "1-0"]
[WhiteElo "2425"]
[BlackElo "2380"]

1.d4 d6 2.e4 Nf6 3.Nc3 c6 4.Nf3 Bg4 5.Be2 e6 6.h3 Bh5 7.Be3 Be7 8.Qd2 d5
9.e5 Nfd7 10.g4 Bg6 11.a3 c5 12.dxc5 Nxc5 13.Nd4 Nc6 14.O-O-O Nxd4 15.Bxd4 a6
16.f4 Ne4 17.Nxe4 Bxe4 18.Rhf1 Rc8 19.Bd3 Bxd3 20.Qxd3 Qc7 21.Kb1 O-O 22.h4 b5
23.h5 Qc4 24.f5 Qxd3 25.cxd3 Bg5 26.Rf2 Rc7 27.b4 Re8 28.Bc5 h6 29.d4 Rcc8
30.Rc2 f6 31.Re1 Kf7 32.Bd6 Rxc2 33.Kxc2 Bf4 34.Kd3 fxe5 35.dxe5 Rc8 36.Bc5 a5
37.Rf1 Bg3 38.Kd4 axb4 39.axb4 Ra8 40.Bd6 Rc8 41.Ra1 Bf2+ 42.Kd3 Re8 43.Rc1 Bg3
44.Rc7+ Kg8 45.fxe6 Rxe6 46.Rc8+ Kh7 47.Kd4 Rxd6 48.exd6 Bxd6 49.Rc6  1-0

[Event "Caledonian Masters"]
[Site "Edinburgh"]
[Date "1997.??.??"]
[Round "9"]
[White "Ferguson, Mark"]
[Black "Wang Pin"]
[Result "1/2-1/2"]
[WhiteElo "2420"]
[BlackElo "2380"]

1.d4 d6 2.e4 Nf6 3.Nc3 c6 4.h3 b5 5.Bd3 e5 6.Nf3 Nbd7 7.O-O Be7 8.a4 b4 9.Ne2 O-O
10.Ng3 Re8 11.dxe5 Nxe5 12.Nxe5 dxe5 13.Be3  1/2-1/2

[Event "ROM-ch op (Women)"]
[Site "Eforie Nord"]
[Date "1997.??.??"]
[Round "?"]
[White "Ionica, Iulia"]
[Black "Ionescu Brandis, Irina"]
[Result "0-1"]
[WhiteElo "2235"]
[BlackElo "2260"]

1.e4 d6 2.d4 Nf6 3.Nc3 e5 4.Nf3 Nbd7 5.h3 Be7 6.Be3 O-O 7.dxe5 dxe5 8.a3 c6
9.Qd2 Qc7 10.Bd3 Nc5 11.O-O b5 12.Rad1 a5 13.Bxc5 Bxc5 14.Qg5 Re8 15.Ne2 h6
16.Qc1 Qb6 17.Ng3 Bf8 18.Nh4 Be6 19.Nhf5 c5 20.c3 c4 21.Be2 Rad8 22.Qc2 g6
23.Nh4 Bc5 24.Nf3 Rxd1 25.Qxd1 Rd8 26.Qc1 Kg7 27.Qe1 Nd7 28.Kh2 Bd6 29.Nh4 Nc5
30.Bg4 Nd3 31.Qd2 Bxg4 32.hxg4 Nf4 33.Qc2 Bc5 34.f3 Qf6 35.Nhf5+ gxf5 36.Nxf5+ Kh7
37.g3 Ne6 38.Kg2 Qg5 39.f4 exf4 40.Rh1 Rd2+  0-1

[Event "BCF-chT 96/97"]
[Site "England"]
[Date "1997.??.??"]
[Round "5"]
[White "Gunter, David WW"]
[Black "Houska, Miroslav"]
[Result "0-1"]
[WhiteElo "2155"]
[BlackElo "2265"]

1.d4 d6 2.e4 Nf6 3.Nc3 e5 4.Nf3 Nbd7 5.Bc4 Be7 6.Bxf7+ Kxf7 7.Ng5+ Kg6 8.h4 h5
9.Qf3 Nf8 10.Qg3 Ng4 11.Nd5 Ne6 12.Nxe6 Bxe6 13.Nxe7+ Qxe7 14.d5 Rhf8 15.f3 Bd7
16.O-O Rf4 17.Bxf4 exf4 18.Qxf4 Ne5 19.Qg3+ Kh7 20.Qg5 Qf7 21.f4 Ng4 22.c4 Ne3
23.e5 Bg4 24.e6 Qg6 25.Rf2 Qe4 26.b3 Rf8 27.Re1 Rf5 28.Qd8 Rxf4 29.Rxf4 Qxg2+  0-1

[Event "BCF-chT 96/97"]
[Site "England"]
[Date "1997.??.??"]
[Round "10"]
[White "Law, Andrew P"]
[Black "Summerscale, Aaron"]
[Result "1-0"]
[WhiteElo "2370"]
[BlackElo "2500"]

1.d4 d6 2.e4 Nf6 3.Nc3 e5 4.Nf3 Nbd7 5.Bc4 Be7 6.O-O O-O 7.Re1 c6 8.a4 b6
9.d5 cxd5 10.Nxd5 Bb7 11.b3 Rc8 12.Re2 Nxd5 13.Bxd5 Ba6 14.c4 Nf6 15.Ba3 Qc7
16.Rd2 Bb7 17.Bxd6 Bxd6 18.Bxb7 Qxb7 19.Rxd6 Qxe4 20.a5 Rb8 21.axb6 axb6
22.Ra6 b5 23.c5 Rbc8 24.c6 Qf4 25.g3 Qf5 26.Nh4 Qh3 27.Qf1 Qg4 28.Qxb5 Ne8
29.Rd7 Nc7 30.Qa4 Qe6 31.Ra7 Ne8 32.c7 Nf6 33.Rd1 Qb6 34.Nf5 Rxc7 35.Ra6 Qb7
36.Rxf6 Qc8 37.Rc6  1-0

[Event "Faro op"]
[Site "Faro"]
[Date "1997.??.??"]
[Round "4"]
[White "Lanka, Zigurds"]
[Black "Gomes, Jainy"]
[Result "1-0"]
[WhiteElo "2565"]
[BlackElo "2070"]

1.e4 d6 2.d4 Nf6 3.Nc3 e5 4.Nf3 Nbd7 5.Bc4 h6 6.O-O Be7 7.a4 O-O 8.a5 exd4
9.Nxd4 Nc5 10.f3 c6 11.Be2 Qc7 12.Kh1 d5 13.exd5 Nxd5 14.Nxd5 cxd5 15.Be3 Rd8
16.Qd2 Ne6 17.c3 Nxd4 18.Bxd4 Bc5 19.g4 Bxd4 20.Qxd4 Be6 21.Rg1 f6 22.f4 a6
23.Bf3 Rac8 24.g5 hxg5 25.fxg5 fxg5 26.Rxg5 Qf7 27.Bh5 Qf8 28.Rag1 Rd7 29.Qe5 Rc6
30.b3 d4 31.c4 d3 32.Qe4 d2 33.Bd1 Qf6 34.Rh5 Rf7 35.Qh7+ Kf8 36.Qh8+ Ke7
37.Qb8 Rd6 38.Qxb7+ Bd7 39.b4 Rf8 40.b5 Rd4 41.Rhg5 Rxc4 42.Rd5 Rd8 43.Rxd2 axb5
44.Re1+ Kf8 45.Rxd7 Rxd7 46.Qxd7  1-0

[Event "Femeni"]
[Site "Femeni"]
[Date "1997.??.??"]
[Round "5"]
[White "Perez, Carrilero V"]
[Black "Hernando, Inmaculada"]
[Result "0-1"]
[WhiteElo "1995"]
[BlackElo "2110"]

1.e4 d6 2.d4 Nf6 3.Nc3 c6 4.Nf3 Bg4 5.h3 Bh5 6.Qe2 e6 7.g4 Bg6 8.h4 h5 9.g5 Nfd7
10.Bd2 Be7 11.O-O-O d5 12.exd5 cxd5 13.Re1 Nc6 14.Bh3 Nb4 15.Bxe6 fxe6 16.Qxe6 Bf7
17.Qf5 g6 18.Qf4 O-O 19.Qg3 Nc6 20.Be3 Nb6 21.Nh2 Bd6 22.Qg2 Bb4 23.Bd2 Nxd4
24.Ng4 Nc4 25.a3 Nxd2 26.axb4 hxg4 27.Kxd2 Nf3+ 28.Kd1 Nxe1 29.Rxe1 d4 30.Ne2 d3
31.Nc3 dxc2+ 32.Kxc2 Bc4 33.Rd1 Qb6 34.Qxg4 Qxf2+ 35.Kc1 Qf4+ 36.Qxf4 Rxf4
37.Rd6 Rxh4 38.Rxg6+ Kh7 39.Rf6 Rh1+ 40.Kd2 Rd8+ 41.Ke3 Re1+ 42.Kf4 Rf1+
43.Ke5 Rxf6 44.gxf6 Kg6 45.Ne4 Rd5+ 46.Kf4 Rf5+ 47.Ke3 Bd5 48.Nd6 Rxf6 49.Nc8 Bg2
50.Kd4 a6 51.Kc5 Rc6+  0-1

[Event "FIN-chT 9798"]
[Site "Finland"]
[Date "1997.??.??"]
[Round "5"]
[White "Kytoniemi, Jyrki"]
[Black "Puranen, Jukka"]
[Result "1-0"]
[WhiteElo "2205"]
[BlackElo "2330"]

1.e4 d6 2.d4 Nf6 3.Nc3 c6 4.f4 Qa5 5.Bd3 e5 6.Nf3 Bg4 7.dxe5 dxe5 8.h3 Bxf3
9.Qxf3 Nbd7 10.f5 Bc5 11.Bd2 Qc7 12.Ne2 O-O-O 13.g4 Bb6 14.g5 Ne8 15.c3 Nc5
16.Bc2 Qd7 17.O-O-O Nd3+ 18.Bxd3 Qxd3 19.Qxd3 Rxd3 20.Kc2 Rd7 21.Ng1 Nd6
22.Re1 f6 23.h4 Rhd8 24.Bc1 Nf7 25.Nf3 Rd3 26.Rhf1 R3d7 27.Re2 a5 28.a4 Ba7
29.Rg2 b5 30.b3 Kb7 31.h5 Bc5 32.h6 Bf8 33.hxg7 Bxg7 34.Rh1 Nd6 35.Re2 Bh8
36.Ba3 bxa4 37.Bxd6 axb3+ 38.Kxb3 Rxd6 39.Rxh7+ R6d7 40.Reh2 Bg7 41.Rd2 Kc7
42.Rxd7+ Rxd7 43.g6 Kd6 44.Ng1 a4+ 45.Kxa4 Kc5 46.Kb3 Rb7+ 47.Kc2 Kc4 48.Ne2 Ra7
49.Nc1 Rd7 50.Nb3 c5 51.Nd2+ Kb5 52.Nf3 Re7 53.Nh4 Kc4 54.Ng2  1-0

[Event "FRA-chT9697 groupe A"]
[Site "France"]
[Date "1997.??.??"]
[Round "4"]
[White "Letreguilly, Olivier"]
[Black "Mensch, Etienne"]
[Result "1/2-1/2"]
[WhiteElo "2265"]
[BlackElo "2270"]

1.d4 d6 2.e4 Nf6 3.Nc3 Nbd7 4.f4 e5 5.Nf3 exd4 6.Qxd4 c6 7.f5 b5 8.Bf4 b4
9.Qxb4 d5 10.Qa4 Qb6 11.O-O-O Nc5 12.Qd4 Ncxe4 13.Nxe4 Nxe4 14.Bd3 Qxd4 15.Nxd4 Bc5
16.Bxe4 dxe4 17.Nxc6 Bb7 18.Na5 Bc8 19.Rd5 Be7 20.Re1 O-O 21.Rxe4 Bf6 22.g4 h6
23.c4 Kh7 24.c5 Ba6 25.c6 Rac8 26.Re3 Bd8 27.Rc3 Bb6 28.b4 Rfe8 29.Be5 f6
30.Bg3 Re4 31.a3 Rxg4 32.Nb3 Bc4 33.Rd6 Bxb3 34.Rxb3 Rc4+ 35.Kb2 R8xc6 36.Rxc6 Rxc6
37.Rd3 Rc4 38.Kb3 Rc1 39.a4 Rb1+ 40.Kc4 a5 41.bxa5 Bxa5 42.Bd6 g5 43.Re3 Rf1
44.Re7+ Kg8 45.Re8+ Kf7 46.Re7+ Kg8 47.Rb7 Rxf5 48.Rb5 Rxb5 49.Kxb5 Bd8 50.a5 Bxa5
51.Kxa5 Kf7 52.Kb5 Ke6 53.Kc5 h5 54.Bc7 Kf5 55.Bd8 h4 56.Kd4 Kg4  1/2-1/2

[Event "FRA-chT9697 groupe B"]
[Site "France"]
[Date "1997.??.??"]
[Round "5"]
[White "Bernard, Christophe"]
[Black "Summerscale, Aaron"]
[Result "0-1"]
[WhiteElo "2365"]
[BlackElo "2500"]

1.d4 d6 2.e4 Nf6 3.Nc3 c6 4.Be3 Qb6 5.Rb1 Ng4 6.Bc4 Nxe3 7.fxe3 e6 8.Qf3 Be7
9.Nge2 O-O 10.O-O Nd7 11.Ng3 Qa5 12.b4 Qg5 13.b5 c5 14.e5 dxe5 15.d5 Nb6
16.Nge4 Qh6 17.d6 Bd8 18.Be2 Nd7 19.Na4 f5 20.Nexc5 Nxc5 21.Nxc5 Bb6 22.Ne4 Bd7
23.Nf2 e4 24.Qf4 Bxe3 25.Qxh6 Bxh6 26.Rb3 Rfc8 27.c4 b6 28.Rd1 g6 29.a4 a5
30.bxa6 Bxa4 31.Rxb6 Be3 32.Rdb1 Bxb6 33.Rxb6 Rc6 34.Rxc6 Bxc6 35.c5 Rb8
36.Nh3 e3 37.Bd3 Rb3 38.Nf4 g5 39.Bc2 Rc3 40.a7 Rxc2  0-1

[Event "FRA-chT9697 groupe A"]
[Site "France"]
[Date "1997.??.??"]
[Round "6"]
[White "Mancini, Mario"]
[Black "Werner, Clemens"]
[Result "0-1"]
[WhiteElo "2260"]
[BlackElo "2350"]

1.d4 d6 2.e4 Nf6 3.Nc3 c6 4.f4 Qa5 5.Bd3 e5 6.dxe5 dxe5 7.fxe5 Ng4 8.Nf3 Bc5
9.Qe2 Bf2+ 10.Kf1 Bb6 11.Bd2 Qb4 12.h3 Nf2 13.Nd5 Nxh1 14.Bxb4 Ng3+ 15.Ke1 Nxe2
16.Nxb6 axb6 17.Kxe2 c5 18.Bc3 Nc6 19.Nd2 Be6 20.Nc4 Bxc4 21.Bxc4 Ke7 22.Rf1 Rhf8
23.a3 Rad8 24.Bd5 Rd7 25.a4 Rdd8 26.Rf2 Ra8 27.b3 Rad8 28.Kd3 Rde8 29.Kc4 Kd8
30.Kb5 Kc7 31.Rxf7+ Rxf7 32.Bxf7 Rd8 33.e6 Nd4+ 34.Kc4 Kd6 35.Bxd4 cxd4 36.e7 Kxe7
37.Bd5 Rc8+ 38.Kxd4 Rxc2 39.e5 Rd2+ 40.Kc4 Rc2+ 41.Kb4 Rc5 42.Bxb7 Rxe5 43.Kc4 Rc5+
44.Kd4 Kd6 45.b4 Rg5 46.Kc4 h6 47.Bf3 Re5 48.Bb7 h5 49.Bf3 g6 50.Kd4 Rg5
51.Kc4 Rf5 52.Bb7 g5 53.Bf3 g4 54.hxg4 Rxf3 55.gxf3 h4 56.g5 h3 57.g6 Ke7
58.g7 Kf7 59.Kb5 h2 60.Kxb6 h1=Q 61.a5 Qh6+ 62.Kb5 Qxg7 63.a6 Ke6 64.Kb6 Qd4+
65.Kc6 Qc4+  0-1

[Event "Franfurt CC Ordix"]
[Site "Frankfurt"]
[Date "1997.??.??"]
[Round "8"]
[White "Beliavsky, Alexander G"]
[Black "Beim, Valery"]
[Result "1/2-1/2"]
[WhiteElo "2665"]
[BlackElo "2555"]

1.d4 d6 2.e4 Nf6 3.Nc3 c6 4.Bg5 Qb6 5.Rb1 Nbd7 6.Nf3 h6 7.Bf4 Qa5 8.b4 Qc7
9.e5 Nh5 10.Be3 dxe5 11.Nxe5 Nxe5 12.Qxh5 Ng4 13.Bc4 g6 14.Qa5 b6 15.Qa4 e6
16.Be2 Nxe3 17.fxe3 Bd6 18.Ne4 Be7 19.O-O f5 20.Nd2 O-O 21.Qb3 Kg7 22.Nf3 Bf6
23.Bc4 b5 24.Bd3 a5 25.a3 axb4 26.axb4 Qd6 27.Rbe1 e5 28.dxe5 Bxe5 29.Nxe5 Qxe5
30.Qb1 Be6 31.Qd1 Bd5 32.Qd2 Rad8 33.Qf2 Be4 34.Rd1 Rfe8 35.Rfe1 Rd5 36.Bxe4 Qxe4
37.Rxd5 cxd5 38.Rd1 Rc8 39.Rd2 Rc3 40.Qf4 Rxe3 41.Qc7+  1/2-1/2

[Event "BCF-chT2 97/98"]
[Site "GBR"]
[Date "1997.??.??"]
[Round "4"]
[White "Walsh, Chris"]
[Black "Saunders, Nigel"]
[Result "1/2-1/2"]
[WhiteElo "2205"]
[BlackElo "2140"]

1.e4 d6 2.d4 Nf6 3.Nc3 c6 4.Nf3 Bg4 5.Be2 Nbd7 6.O-O e5 7.a4 Be7 8.Be3 O-O
9.h3 Bh5 10.Nd2 Bxe2 11.Qxe2 Re8 12.Qc4 exd4 13.Bxd4 Nb6 14.Qb3 Qc7 15.Rfe1 Nbd7
16.Qc4 Ne5 17.Qe2 Nfd7 18.Rad1 Rad8 19.Nf3 Bf6 20.Nh2 Ng6 21.Bxf6 Nxf6 22.Ng4 Nxg4
23.Qxg4 Qb6 24.b3 Qc5 25.Qg3 Qe5 26.Qe3 Nf4 27.Ne2 Nxe2+ 28.Rxe2 b6 29.c3 Kf8
30.c4 Re6 31.Qd4 Qxd4 32.Rxd4 d5 33.Kf1 Ke7 34.exd5 cxd5 35.cxd5 Rxe2 36.Kxe2 Kd6
37.Kd3 Rd7 38.f4  1/2-1/2

[Event "Geneve op"]
[Site "Geneve"]
[Date "1997.??.??"]
[Round "4"]
[White "Preissmann, Emmanuel"]
[Black "Malaniuk, Vladimir P"]
[Result "1-0"]
[WhiteElo "2365"]
[BlackElo "2610"]

1.e4 d6 2.d4 Nf6 3.Nc3 c6 4.g3 Nbd7 5.Bg2 e5 6.Nge2 b5 7.a3 Bb7 8.O-O a5
9.d5 Be7 10.a4 b4 11.dxc6 Bxc6 12.Nd5 Nc5 13.c3 b3 14.Be3 Nfd7 15.c4 Bxa4
16.Qd2 Bc6 17.Nxe7 Kxe7 18.Nc3 Re8 19.Rad1 Nb7 20.Nb5 Bxb5 21.cxb5 Kf8 22.Qd5 Ndc5
23.f4 Qc7 24.b6 Qe7 25.fxe5 Qe6 26.exd6 Qxd5 27.Rxd5 Nd7 28.e5 Rab8 29.Bd4 Nd8
30.Rxa5 Nxb6 31.Rb5 Nd7 32.Rxb8 Nxb8 33.Bd5 Nbc6 34.d7 Nxd4 35.dxe8=Q+ Kxe8
36.Rd1 N8c6 37.Re1  1-0

[Event "BL2-N9697"]
[Site "Germany"]
[Date "1997.??.??"]
[Round "?.2"]
[White "Hegeler, Frank"]
[Black "Breyther, Ruediger"]
[Result "0-1"]
[WhiteElo "2310"]
[BlackElo "2445"]

1.d4 d6 2.e4 Nf6 3.Nc3 c6 4.Nf3 Bg4 5.Be2 e6 6.O-O Be7 7.Be3 d5 8.Nd2 Bxe2
9.Qxe2 O-O 10.e5 Nfd7 11.f4 c5 12.Nb3 Nc6 13.dxc5 Na5 14.Nb5 Nxb3 15.axb3 Bxc5
16.Bxc5 Nxc5 17.Nxa7 Ne4 18.Qe3 f6 19.exf6 Qxf6 20.c3 Qh4 21.g3 Qh3 22.Nb5 Rxa1
23.Rxa1 h5 24.Nd4 h4 25.Ne2 Rf6 26.Qf3 hxg3 27.hxg3 Rh6 28.Qg2 Qg4 29.Rd1 Nxg3
30.Qxg3 Qxe2 31.Re1 Qh5 32.Kf2 Rg6 33.Rh1 Qf5 34.Qh2 Rh6 35.Qg2 Qc2+  0-1